000 00477nam a2200193Ia 4500
005 20240823030438.0
008 240823s9999||||xx |||||||||||||| ||und||
020 _a978-953-7619-96-1
041 _aENGLISH
082 _A629.1
100 _aThawar T Arif Ed.
245 0 _aAerospace Technologies Advancements
250 _a1st
260 _bIntech Publica
500 _aTRANSFERED
650 _aAerospace Engg.
_bAerospace Engineering
942 _cBK
999 _c188720
_d188720